[Event "Württ Kandidatenturnier"]
[Site "Stuttgart"]
[Date "2015.09.03"]
[Round "6.18"]
[White "Mayer, Dietmar"]
[Black "Schreiber, Hans"]
[Result "1/2-1/2"]
[WhiteElo "1747"]
[BlackElo "1892"]
[PlyCount "49"]
[EventDate "2015.??.??"]
[EventCountry "GER"]
[WhiteTeam "SC Böblingen"]
[BlackTeam "SV Dicker Turm Esslingen"]

1. d4 Nf6 2. Nf3 g6 3. c4 d6 4. Nc3 Bg7 5. Bf4 O-O 6. e3 Nbd7 7. h3 c6 8. Be2
Qe8 9. O-O Nh5 10. Bh2 f5 11. Ng5 e5 12. Bxh5 gxh5 13. dxe5 dxe5 14. Ne2 Qg6
15. h4 h6 16. Nf3 Re8 17. Rc1 Kh7 18. c5 Rg8 19. Qd6 Bf6 20. Bg3 Qg7 21. b4 Qg4
22. Rfd1 f4 23. exf4 e4 24. Nfd4 e3 25. f3 1/2-1/2

[Event "Württ Kandidatenturnier"]
[Site "Stuttgart"]
[Date "2015.09.03"]
[Round "6.19"]
[White "Schömbs, Oliver"]
[Black "Tölg, Wolfgang"]
[Result "1-0"]
[WhiteElo "1917"]
[BlackElo "1691"]
[PlyCount "65"]
[EventDate "2015.??.??"]
[EventCountry "GER"]
[WhiteTeam "SC Ingersheim"]
[BlackTeam "SF Oeffingen"]

1. e4 e5 2. Nf3 Nc6 3. Bb5 a6 4. Ba4 Bc5 5. c3 b5 6. Bb3 Nge7 7. d4 exd4 8.
cxd4 Bb6 9. Ng5 d5 10. exd5 Nxd5 11. O-O O-O 12. Nxh7 Nf6 13. Nxf8 Kxf8 14. Qf3
Bd7 15. Be3 Nxd4 16. Bxd4 Bxd4 17. Nc3 c5 18. Rad1 Bg4 19. Qb7 c4 20. Rxd4 Qxd4
21. Qxa8+ Ke7 22. Bd1 Be6 23. Qxa6 b4 24. Nb5 Qd7 25. Bf3 Nd5 26. Rd1 g5 27.
Bxd5 Bxd5 28. Qb6 Qe6 29. Nc7 Qe2 30. Nxd5+ Kf8 31. Qh6+ Ke8 32. Nc7+ Ke7 33.
Qd6# 1-0

[Event "Württ Kandidatenturnier"]
[Site "Stuttgart"]
[Date "2015.09.03"]
[Round "6.20"]
[White "Schreiber, Stephan"]
[Black "Bauer, Dieter"]
[Result "1-0"]
[WhiteElo "1792"]
[BlackElo "1704"]
[PlyCount "81"]
[EventDate "2015.??.??"]
[EventCountry "GER"]
[WhiteTeam "SC Botnang"]
[BlackTeam "SF Kornwestheim"]

1. d4 Nf6 2. Bf4 d6 3. e3 g6 4. Be2 Bg7 5. h3 O-O 6. Nf3 Nfd7 7. Nbd2 e5 8. Bh2
Qe7 9. dxe5 dxe5 10. c3 Nc6 11. O-O f5 12. Qc2 g5 13. Ne1 Kh8 14. Rd1 Nf6 15.
f3 f4 16. e4 Qc5+ 17. Kh1 Be6 18. Bg1 Qe7 19. Bb5 Nd8 20. Nd3 Nh5 21. Rfe1 b6
22. Bc4 Ng3+ 23. Kh2 h5 24. Bf2 Bd7 25. Nf1 Nxf1+ 26. Rxf1 g4 27. Be1 Bf6 28.
Qd2 Bc8 29. Nb4 gxh3 30. gxh3 Bh4 31. Rg1 Bxe1 32. Rdxe1 a5 33. Nd5 Qd7 34. Qg2
Qh7 35. Qg5 Ne6 36. Qxe5+ Ng7 37. Rg5 Be6 38. Reg1 Rf7 39. Nf6 Rxf6 40. Qxf6
Rg8 41. Bxe6 1-0

[Event "Württ Kandidatenturnier"]
[Site "Stuttgart"]
[Date "2015.09.04"]
[Round "7.1"]
[White "Quernheim, Daniel"]
[Black "Maisch, Julian"]
[Result "0-1"]
[WhiteElo "2035"]
[BlackElo "2042"]
[PlyCount "116"]
[EventDate "2015.??.??"]
[EventCountry "GER"]
[WhiteTeam "SC Botnang"]
[BlackTeam "SF Kornwestheim"]

1. d4 Nf6 2. c4 g6 3. f3 Nc6 4. d5 Ne5 5. e4 d6 6. Nc3 Bg7 7. Be3 e6 8. Qd2 a6
9. Bd3 exd5 10. cxd5 Nh5 11. O-O-O b5 12. Kb1 Nxd3 13. Qxd3 f5 14. Bd4 O-O 15.
Bxg7 Kxg7 16. Qd4+ Qf6 17. Nge2 Bd7 18. exf5 Bxf5+ 19. Ka1 Bd7 20. Ne4 Qxd4 21.
Rxd4 Nf6 22. Rc1 Rac8 23. Nf4 Nxe4 24. Rxe4 g5 25. Re7+ Rf7 26. Ne6+ Bxe6 27.
Rxe6 Rd7 28. b4 Kf7 29. Rc6 Ra8 30. Re3 a5 31. Ra3 a4 32. Rac3 Ra7 33. Re3 Re7
34. Rcc3 Rxe3 35. Rxe3 Ra8 36. Rc3 Rc8 37. Kb2 Ke7 38. Rc6 Kf6 39. Ra6 Ke5 40.
Ra5 Rb8 41. Ra7 Kxd5 42. Rxc7 Re8 43. Rc2 Re3 44. Kc1 Rd3 45. h4 gxh4 46. Rc7
h3 47. gxh3 Rxf3 48. Rxh7 Kc4 49. h4 Rh3 50. Rd7 d5 51. Rh7 Kc3 52. Kd1 Kxb4
53. h5 Ka3 54. h6 b4 55. Rh8 Kxa2 56. h7 Kb3 57. Rd8 Rxh7 58. Rxd5 Rh3 0-1

[Event "Württ Kandidatenturnier"]
[Site "Stuttgart"]
[Date "2015.09.04"]
[Round "7.2"]
[White "Mareck, Sascha"]
[Black "Kunert, Günter"]
[Result "1/2-1/2"]
[WhiteElo "2165"]
[BlackElo "2040"]
[PlyCount "40"]
[EventDate "2015.??.??"]
[EventCountry "GER"]
[WhiteTeam "SV Nürtingen"]
[BlackTeam "SV Dicker Turm Esslingen"]

1. d4 d5 2. Nf3 Nf6 3. c4 c6 4. e3 Bf5 5. Nc3 e6 6. Nh4 Bg6 7. Qb3 Qc7 8. Nxg6
hxg6 9. g3 Nbd7 10. Bg2 Be7 11. h3 Nb6 12. c5 Nbd7 13. Bd2 O-O 14. O-O b6 15.
cxb6 Nxb6 16. Na4 Rab8 17. Bc3 Nxa4 18. Qxa4 Nd7 19. Rac1 Qb7 20. Qc2 Rfc8
1/2-1/2

[Event "Württ Kandidatenturnier"]
[Site "Stuttgart"]
[Date "2015.09.04"]
[Round "7.3"]
[White "Andreev, Vlad"]
[Black "Klaus, Dominik"]
[Result "1/2-1/2"]
[WhiteElo "2046"]
[BlackElo "1980"]
[PlyCount "106"]
[EventDate "2015.??.??"]
[EventCountry "GER"]
[WhiteTeam "SF Pfullingen"]
[BlackTeam "Ssg Fils-Lauter"]

1. d4 d5 2. c4 c6 3. Nc3 Nf6 4. e3 Bf5 5. cxd5 Nxd5 6. Nge2 e6 7. e4 Nxc3 8.
Nxc3 Bg6 9. Be3 Nd7 10. f3 Be7 11. Qd2 O-O 12. Be2 Rc8 13. O-O Qc7 14. Rac1 Qb8
15. f4 f5 16. d5 exd5 17. exd5 Nb6 18. dxc6 bxc6 19. Ba6 Rc7 20. Qc2 Rd7 21. b4
Kh8 22. a3 Rfd8 23. Rfd1 h6 24. Rxd7 Rxd7 25. Ne2 Rc7 26. Nd4 Nd5 27. Bf2 Nxf4
28. Nxc6 Qa8 29. Bg3 Bd6 30. Qc4 Ne2+ 31. Qxe2 Rxc6 32. Rxc6 Qxc6 33. Bxd6 Qxd6
34. Bd3 Qd4+ 35. Kf1 Qa1+ 36. Kf2 Qxa3 37. Qd2 Qb3 38. g4 Qd5 39. Qc3 Kh7 40.
gxf5 Bxf5 41. Be2 Qe4 42. Qc5 Qh4+ 43. Ke3 Bg6 44. Qxa7 Qxb4 45. Qd4 Qe1 46.
Qe5 Qg1+ 47. Kd2 Qf2 48. Qg3 Qd4+ 49. Ke1 Bb1 50. h4 Qf6 51. Kd2 Bg6 52. Ke1
Qf5 53. Kd2 Qc2+ 1/2-1/2

[Event "Württ Kandidatenturnier"]
[Site "Stuttgart"]
[Date "2015.09.04"]
[Round "7.4"]
[White "Pflaum, Stefan"]
[Black "Petzelberger, Ferdinand"]
[Result "0-1"]
[WhiteElo "2064"]
[BlackElo "1934"]
[PlyCount "104"]
[EventDate "2015.??.??"]
[EventCountry "GER"]
[WhiteTeam "SC Botnang"]
[BlackTeam "VfL Sindelfingen"]

1. d4 Nf6 2. c4 g6 3. Nc3 d5 4. Bf4 Bg7 5. e3 O-O 6. Rc1 c5 7. dxc5 Qa5 8. cxd5
Ne4 9. Nge2 Nxc5 10. a3 Ne4 11. Qa4 Qxa4 12. Nxa4 Nd7 13. f3 Nd6 14. Nec3 a6
15. b4 b5 16. Nc5 Nb6 17. e4 f5 18. Bg5 Ra7 19. Bd3 fxe4 20. fxe4 Nbc4 21. Bxc4
Nxc4 22. Rf1 Nxa3 23. Rxf8+ Kxf8 24. Be3 Ra8 25. Ke2 Bg4+ 26. Kd3 Nc4 27. Bf4
Kg8 28. h3 Rf8 29. Bg3 Bc8 30. Re1 Bxh3 31. Nxa6 Bxc3 32. Kxc3 Bxg2 33. Kd4 Rf3
34. Bb8 Bh3 35. Kc5 Bd7 36. Nc7 Rf8 37. Ba7 Rc8 38. Bb6 Rb8 39. Ba5 Rc8 40. Bb6
Rb8 41. Ba5 Ne5 42. Re3 h5 43. Kd4 Nc4 44. Rg3 Kg7 45. e5 h4 46. Rg1 Bf5 47. e6
h3 48. Na6 Rh8 49. Bc7 h2 50. Rh1 Nd6 51. Nc5 Kf6 52. Nb7 Rh4+ 0-1

[Event "Württ Kandidatenturnier"]
[Site "Stuttgart"]
[Date "2015.09.04"]
[Round "7.5"]
[White "Wendler, Werner"]
[Black "Meier, Michael"]
[Result "1-0"]
[WhiteElo "2056"]
[BlackElo "2013"]
[PlyCount "93"]
[EventDate "2015.??.??"]
[EventCountry "GER"]
[WhiteTeam "SK Bebenhausen"]
[BlackTeam "SSV Zuffenhausen"]

1. d4 Nf6 2. g3 g6 3. Bg2 Bg7 4. e4 d6 5. Nc3 O-O 6. Nge2 e5 7. O-O c6 8. a4 a5
9. h3 Na6 10. Be3 c5 11. dxe5 dxe5 12. Qc1 Be6 13. Bg5 Qc8 14. Kh2 Nb4 15. Rd1
c4 16. Nb5 Rd8 17. Nec3 Qc5 18. Be3 Qc6 19. Rd2 Bf8 20. Qe1 Rxd2 21. Qxd2 Bc5
22. Bxc5 Qxc5 23. Rd1 Nd7 24. Nd5 Bxd5 25. exd5 Rd8 26. Nc3 Kg7 27. Qe2 f5 28.
g4 e4 29. gxf5 gxf5 30. f4 Qd6 31. Qf2 Qh6 32. Rg1 Kf7 33. Bf1 Nb6 34. Rg5 Qf6
35. Qh4 h6 36. Qh5+ Ke7 37. Rxf5 Qg7 38. Nxe4 Rg8 39. d6+ Kd8 40. Qh4+ Kc8 41.
Qg4 Qxg4 42. hxg4 Nxc2 43. Rb5 Nxa4 44. Rxa5 Nb6 45. Bxc4 Re8 46. d7+ Kxd7 47.
Bb5+ 1-0

[Event "Württ Kandidatenturnier"]
[Site "Stuttgart"]
[Date "2015.09.04"]
[Round "7.6"]
[White "Löwe, Joachim"]
[Black "Holzinger, Eugen"]
[Result "0-1"]
[WhiteElo "1936"]
[BlackElo "2065"]
[PlyCount "96"]
[EventDate "2015.??.??"]
[EventCountry "GER"]
[WhiteTeam "SK Schmiden/Cannstatt"]
[BlackTeam "SF HN-Biberach"]

1. d4 Nf6 2. e3 g6 3. Bd3 Bg7 4. Nd2 d6 5. e4 Nc6 6. c3 e5 7. d5 Ne7 8. Ne2 Nh5
9. Nc4 O-O 10. Be3 f5 11. f3 Kh8 12. Qd2 Nf6 13. h3 Rf7 14. g4 Qf8 15. O-O-O
Nfg8 16. gxf5 gxf5 17. Rdg1 Bd7 18. Kb1 b6 19. h4 Bh6 20. Bg5 Bxg5 21. hxg5 Ng6
22. exf5 Bxf5 23. Bxf5 Rxf5 24. Qc2 N8e7 25. f4 exf4 26. Nd4 Rxd5 27. Ne6 Qf5
28. Nxc7 Qxc2+ 29. Kxc2 Rc5 30. Nxa8 Rxc4 31. Rd1 d5 32. Rde1 Rc8 33. Re6 Rxa8
34. Rd6 Rf8 35. Rf6 Kg7 36. Rxf8 Nxf8 37. Rh6 Neg6 38. Kd3 Ne6 39. Rh5 Ne5+ 40.
Kd2 Nc4+ 41. Ke2 Nxb2 42. Kf3 Nd1 43. Kg4 Ne3+ 44. Kf3 b5 45. Rh1 Kg6 46. Rh6+
Kf5 47. Rf6+ Ke5 48. Rxf4 Nxf4 0-1

[Event "Württ Kandidatenturnier"]
[Site "Stuttgart"]
[Date "2015.09.04"]
[Round "7.7"]
[White "Zeyher, Marius"]
[Black "Kolb, Roland"]
[Result "1-0"]
[WhiteElo "1918"]
[BlackElo "2007"]
[PlyCount "77"]
[EventDate "2015.??.??"]
[EventCountry "GER"]
[WhiteTeam "SpVgg Rommelshausen"]
[BlackTeam "SF Oeffingen"]

1. d4 Nf6 2. c4 e6 3. g3 c5 4. d5 exd5 5. cxd5 d6 6. Nc3 g6 7. Nf3 Bg7 8. Bg2
O-O 9. O-O Re8 10. Bf4 a6 11. a4 Bf5 12. Nd2 Qd7 13. Nc4 Nh5 14. Nb6 Qe7 15.
Nxa8 Nxf4 16. gxf4 Qh4 17. e4 Bh6 18. exf5 Bxf4 19. Re1 Bxh2+ 20. Kf1 Qc4+ 21.
Ne2 Nd7 22. Rc1 Qb4 23. Nc7 Rc8 24. Ne6 fxe6 25. dxe6 Nf6 26. Ng3 d5 27. Bxd5
Qf4 28. e7+ Kg7 29. Qf3 Qxa4 30. fxg6 Bxg3 31. fxg3 Qb5+ 32. Bc4 Qxb2 33. Qe2
Qa3 34. Kg2 b5 35. Bf7 hxg6 36. e8=Q Nxe8 37. Bxe8 c4 38. Qe5+ Kg8 39. Qe6+ 1-0

[Event "Württ Kandidatenturnier"]
[Site "Stuttgart"]
[Date "2015.09.04"]
[Round "7.8"]
[White "Stark, Timo"]
[Black "Klaiß, Thomas"]
[Result "0-1"]
[WhiteElo "1851"]
[BlackElo "1979"]
[PlyCount "78"]
[EventDate "2015.??.??"]
[EventCountry "GER"]
[WhiteTeam "SC Neckarsulm"]
[BlackTeam "SF Dornstetten-Pfalzgrafenweiler"]

1. e4 e5 2. Nf3 Nf6 3. Bc4 Nc6 4. d4 exd4 5. Nxd4 d6 6. Nc3 Ne5 7. Be2 Be7 8.
O-O O-O 9. f4 Ng6 10. g4 c6 11. Nf5 Re8 12. Bd3 Bf8 13. Qf3 b5 14. a3 a6 15.
Kf2 Nd7 16. g5 Nc5 17. h4 Nxd3+ 18. cxd3 d5 19. h5 dxe4 20. dxe4 Bc5+ 21. Be3
Bxe3+ 22. Nxe3 Nf8 23. Rad1 Qb6 24. Kg3 Ra7 25. Rd6 Rd7 26. Rfd1 Rxd6 27. Rxd6
Qc5 28. e5 Ne6 29. h6 Nxg5 30. Ne4 Nxe4+ 31. Qxe4 Qxd6 32. hxg7 Qg6+ 33. Kf3
Qh5+ 34. Kf2 Qh4+ 35. Kf1 Bh3+ 36. Ke2 Bg4+ 37. Kf1 Qh3+ 38. Kf2 Rd8 39. Qb4
Qf3+ 0-1

[Event "Württ Kandidatenturnier"]
[Site "Stuttgart"]
[Date "2015.09.04"]
[Round "7.9"]
[White "Imhof, Thomas"]
[Black "Klaus, Daniel"]
[Result "0-1"]
[WhiteElo "1950"]
[BlackElo "1933"]
[PlyCount "90"]
[EventDate "2015.??.??"]
[EventCountry "GER"]
[WhiteTeam "SGem Vaihingen-Rohr"]
[BlackTeam "SC Feuerbach"]

1. g3 d5 2. Bg2 Nf6 3. Nf3 g6 4. O-O Bg7 5. d4 O-O 6. c4 c6 7. Ne5 Nbd7 8. Nc3
dxc4 9. Nxc4 Nb6 10. Ne5 Nfd7 11. Nxd7 Qxd7 12. e3 Rd8 13. Qc2 Qf5 14. Be4 Qh5
15. f4 Bg4 16. f5 Rd7 17. b3 Rad8 18. Ba3 e5 19. fxe6 fxe6 20. Nd1 e5 21. d5
cxd5 22. Bg2 d4 23. e4 Rc8 24. Qf2 Bh6 25. Bf3 Bxf3 26. Qxf3 Qxf3 27. Rxf3 Rf7
28. Rd3 Rc2 29. Bd6 Nd7 30. h4 Re2 31. g4 Bf4 32. Rf3 Rxe4 33. Kg2 Re1 34. Rf2
Be3 35. Rxf7 Kxf7 36. Rb1 Ke6 37. Bb4 Rg1+ 38. Kf3 Nf6 39. g5 e4+ 40. Ke2 Nd5
41. Nxe3 Rxb1 42. Nc4 Nxb4 43. a3 Nd5 44. Nd2 Rb2 45. Kd1 Rxd2+ 0-1

[Event "Württ Kandidatenturnier"]
[Site "Stuttgart"]
[Date "2015.09.04"]
[Round "7.10"]
[White "Ruff, Robert"]
[Black "Junginger, Andreas"]
[Result "1/2-1/2"]
[WhiteElo "1841"]
[BlackElo "1999"]
[PlyCount "106"]
[EventDate "2015.??.??"]
[EventCountry "GER"]
[WhiteTeam "SK Sachsenheim"]
[BlackTeam "SV Reutlingen"]

1. d4 Nf6 2. c4 e6 3. Nc3 d5 4. Bg5 Nbd7 5. cxd5 exd5 6. e3 c6 7. Qc2 Qa5 8.
Bd3 Bb4 9. Nge2 O-O 10. O-O Bd6 11. Bh4 Re8 12. Bg3 Bxg3 13. Nxg3 Nf8 14. Rae1
Qd8 15. f3 Ne6 16. Qf2 Rf8 17. Nge2 c5 18. dxc5 Nxc5 19. Bc2 Qb6 20. Nd4 Ne6
21. Rd1 Nxd4 22. Rxd4 Be6 23. Rfd1 Rad8 24. Bb3 Rd7 25. Nxd5 Nxd5 26. Bxd5 Bxd5
27. Rxd5 Rxd5 28. Rxd5 Qc6 29. Qd2 h6 30. Kf2 Rc8 31. Rd8+ Rxd8 32. Qxd8+ Kh7
33. Qd3+ Kg8 34. Qc3 Qb6 35. b3 a6 36. a4 Qd8 37. Qd4 Qc7 38. Qc4 Qd7 39. Ke2
b5 40. axb5 axb5 41. Qd3 Qc6 42. Kf2 b4 43. Ke2 Qc1 44. Qd2 Qc5 45. h3 Qb5+ 46.
Qd3 Qc5 47. Qc4 Qa5 48. Kd3 Qa1 49. Qc2 Qa6+ 50. Kd2 Qf1 51. Qc8+ Kh7 52. Qf5+
Kg8 53. Qc8+ Kh7 1/2-1/2

[Event "Württ Kandidatenturnier"]
[Site "Stuttgart"]
[Date "2015.09.04"]
[Round "7.11"]
[White "Lüdke, Joshua"]
[Black "Heer, Till"]
[Result "1/2-1/2"]
[WhiteElo "1823"]
[BlackElo "1912"]
[PlyCount "96"]
[EventDate "2015.??.??"]
[EventCountry "GER"]
[WhiteTeam "SV Marbach"]
[BlackTeam "SF Kornwestheim"]

1. d4 Nf6 2. c4 e6 3. Nc3 Bb4 4. Qc2 b6 5. e4 d5 6. Qa4+ Nc6 7. cxd5 O-O 8.
Qxc6 Nxe4 9. Qxa8 Qh4 10. Be3 Nxc3 11. a3 Nxd5+ 12. axb4 Nxe3 13. g3 Qxd4 14.
fxe3 Qxb4+ 15. Kf2 Qxb2+ 16. Ne2 Qxa1 17. Bg2 Qf6+ 18. Qf3 Qxf3+ 19. Bxf3 Rd8
20. Ra1 a6 21. Nd4 Kf8 22. Nc6 Rd6 23. Na7 Bd7 24. Rxa6 e5 25. Ra2 f5 26. Rc2
e4 27. Be2 c6 28. Ba6 g6 29. Nc8 Bxc8 30. Bxc8 Ke7 31. Ke2 Kd8 32. Ba6 Kc7 33.
Rd2 Re6 34. Bc4 Re8 35. h4 Re7 36. Kd1 b5 37. Be2 Kb6 38. Kc2 Ra7 39. Kb2 Kc5
40. g4 b4 41. gxf5 gxf5 42. Bd1 Rg7 43. Rf2 Rg3 44. Rxf5+ Kd6 45. Kb3 c5 46.
Kc4 Rxe3 47. Rd5+ Ke7 48. Kxc5 Rd3 1/2-1/2

[Event "Württ Kandidatenturnier"]
[Site "Stuttgart"]
[Date "2015.09.04"]
[Round "7.12"]
[White "Freiherr von Hauff, Christopher V"]
[Black "Engelhardt, Frank"]
[Result "1-0"]
[WhiteElo "1858"]
[BlackElo "1794"]
[PlyCount "45"]
[EventDate "2015.??.??"]
[EventCountry "GER"]
[WhiteTeam "SK Bebenhausen"]
[BlackTeam "SC Botnang"]

1. e4 c5 2. c3 d5 3. exd5 Qxd5 4. d4 Nf6 5. Nf3 Bg4 6. Be2 cxd4 7. cxd4 e6 8.
Nc3 Bb4 9. Bd2 Bxc3 10. Bxc3 Nc6 11. O-O O-O 12. Rc1 Rac8 13. Re1 Ne4 14. h3
Bh5 15. Ne5 Nxc3 16. bxc3 Bxe2 17. Rxe2 Nxe5 18. Rxe5 Qxa2 19. Ra1 Qb2 20. Rxa7
Rxc3 21. Re2 Qb6 22. Qa1 Rfc8 23. Qxc3 1-0

[Event "Württ Kandidatenturnier"]
[Site "Stuttgart"]
[Date "2015.09.04"]
[Round "7.13"]
[White "Wendler, David"]
[Black "Yi, Danny"]
[Result "1-0"]
[WhiteElo "1857"]
[BlackElo "1745"]
[PlyCount "121"]
[EventDate "2015.??.??"]
[EventCountry "GER"]
[WhiteTeam "SK Bebenhausen"]
[BlackTeam "SF Kornwestheim"]

1. c4 e5 2. g3 Nf6 3. Bg2 Nc6 4. Nc3 Bb4 5. d3 O-O 6. e4 d6 7. Nge2 Bg4 8. O-O
Nd4 9. f3 Nxe2+ 10. Qxe2 Be6 11. f4 Bg4 12. Bf3 Bh3 13. Bg2 Bg4 14. Qc2 Bc5+
15. Kh1 Qd7 16. f5 Qe7 17. Bg5 h6 18. Nd5 Qd8 19. Nxf6+ gxf6 20. Bxh6 Re8 21.
Qd2 Kh7 22. Rae1 Rg8 23. h3 Bh5 24. g4 Bxg4 25. hxg4 Rxg4 26. Be3 Qg8 27. Qf2
Kg7 28. Bxc5 Qh7+ 29. Kg1 Rh8 30. Qf3 Qh2+ 31. Kf2 Rf4 32. Be3 Rxf3+ 33. Kxf3
Qh5+ 34. Kf2 Qh4+ 35. Ke2 Qg3 36. Bf2 Qg5 37. Bf3 Kf8 38. Rg1 Qf4 39. Rg4 Qh2
40. Rh1 Qxh1 41. Bxh1 Rxh1 42. Rg1 Rh2 43. Rf1 Ke7 44. Kd2 c5 45. Kc3 Kd7 46.
Be1 Rh3 47. a3 b6 48. Rg1 Rh8 49. Rg4 Kd8 50. Rh4 Rg8 51. Rh6 Ke7 52. Bh4 Kd7
53. Bxf6 a6 54. Rh7 b5 55. Rxf7+ Kc6 56. Rg7 Rb8 57. Be7 b4+ 58. Kc2 bxa3 59.
bxa3 Rh8 60. Rg6 Rh2+ 61. Kc3 1-0

[Event "Württ Kandidatenturnier"]
[Site "Stuttgart"]
[Date "2015.09.04"]
[Round "7.14"]
[White "Bangert, Udo"]
[Black "Schuster, Gerhard"]
[Result "0-1"]
[WhiteElo "1917"]
[BlackElo "2011"]
[PlyCount "96"]
[EventDate "2015.??.??"]
[EventCountry "GER"]
[WhiteTeam "SC Grunbach"]
[BlackTeam "SC Feuerbach"]

1. d4 Nf6 2. c4 e6 3. g3 d5 4. Bg2 dxc4 5. Nf3 Nbd7 6. Qa4 a6 7. Qxc4 c5 8.
dxc5 Bxc5 9. O-O b5 10. Qc2 Bb7 11. Bf4 Rc8 12. Qd3 Qb6 13. e3 O-O 14. Nc3 Rfd8
15. Qe2 Nd5 16. Nxd5 Bxd5 17. Ne5 f6 18. Nxd7 Rxd7 19. Bxd5 Rxd5 20. e4 Rd7 21.
Rad1 Bd4 22. e5 f5 23. Be3 Rcd8 24. Rxd4 Rxd4 25. f4 Qc5 26. Qf2 h6 27. h4 Qc4
28. Bxd4 Rxd4 29. Re1 a5 30. Kh2 a4 31. Qg2 Qxa2 32. Qa8+ Kh7 33. Re2 Qc4 34.
Rg2 Qd5 35. Qe8 Qd7 36. Qa8 b4 37. Kh3 Rd1 38. Rc2 Qd5 39. Qxd5 exd5 40. Re2
Kg8 41. g4 Rd3+ 42. Kg2 fxg4 43. e6 Kf8 44. f5 Rd4 45. Kg3 h5 46. Rf2 Rd3+ 47.
Kg2 Rf3 48. Rc2 Rxf5 0-1

[Event "Württ Kandidatenturnier"]
[Site "Stuttgart"]
[Date "2015.09.04"]
[Round "7.15"]
[White "Langjahr, Marius"]
[Black "Siegle, Florian"]
[Result "0-1"]
[WhiteElo "1784"]
[BlackElo "1944"]
[PlyCount "164"]
[EventDate "2015.??.??"]
[EventCountry "GER"]
[WhiteTeam "SK Sachsenheim"]
[BlackTeam "Stuttgarter SF"]

1. d4 d5 2. c4 Nc6 3. Nf3 Nf6 4. Nc3 e6 5. Bg5 Be7 6. e3 O-O 7. Qc2 h6 8. Bh4
Ne8 9. Bxe7 Nxe7 10. b3 c6 11. Bd3 Nf5 12. O-O Nh4 13. Nxh4 Qxh4 14. Rfe1 f5
15. g3 Qe7 16. f4 Bd7 17. Nb1 Nf6 18. Nd2 Be8 19. Nf3 Bh5 20. Ne5 Ne4 21. Be2
Bxe2 22. Qxe2 Qa3 23. Qc2 a5 24. c5 Kh7 25. Nd7 Rf7 26. Nb6 Rg8 27. Na4 g5 28.
fxg5 Rxg5 29. Nc3 Nf6 30. Ne2 h5 31. Kh1 Ng4 32. Nf4 Re7 33. h4 Rg8 34. Nxh5
Qb4 35. a3 Qb5 36. Rab1 Qa6 37. Qe2 Qa8 38. Rg1 Qb8 39. Rbf1 Kh6 40. Nf4 e5 41.
Nh3 exd4 42. Rxf5 Rxe3 43. Qd2 Rf8 44. Nf2 Nxf2+ 45. Rxf2 Rxf2 46. Qxf2 Qe5 47.
Qf8+ Qg7 48. Qf4+ Kh7 49. Qf5+ Kh8 50. Qc8+ Qg8 51. Qxb7 Qe8 52. Qc7 Re2 53.
Qf4 Qe4+ 54. Qxe4 dxe4 55. Rd1 d3 56. Kg1 Rb2 57. b4 axb4 58. axb4 Kg7 59. g4
Kg6 60. b5 cxb5 61. c6 Rc2 62. c7 Rxc7 63. Kf2 Rc2+ 64. Ke3 Re2+ 65. Kd4 d2 66.
Kc3 e3 67. Kd3 Re1 68. Rxd2 exd2 69. Kxd2 Re4 70. Kc3 Rxg4 71. h5+ Kxh5 72. Kb3
Rc4 73. Ka3 Kg4 74. Kb3 Kf3 75. Kb2 Ke3 76. Ka3 Kd3 77. Kb3 Kd2 78. Kb2 Rb4+
79. Ka3 Kc3 80. Ka2 Ra4+ 81. Kb1 b4 82. Kc1 Ra1# 0-1

[Event "Württ Kandidatenturnier"]
[Site "Stuttgart"]
[Date "2015.09.04"]
[Round "7.16"]
[White "Zimmermann, Tobias"]
[Black "Mierzwa, Robert"]
[Result "0-1"]
[WhiteElo "1804"]
[BlackElo "1900"]
[PlyCount "90"]
[EventDate "2015.??.??"]
[EventCountry "GER"]
[WhiteTeam "SC Botnang"]
[BlackTeam "SC Weiße Dame Ulm"]

1. e4 e5 2. Nf3 Nc6 3. d4 exd4 4. Bc4 Bc5 5. c3 Nf6 6. cxd4 Bb4+ 7. Bd2 Bxd2+
8. Nbxd2 d5 9. exd5 Nxd5 10. O-O O-O 11. Ne5 Nxd4 12. Ndf3 Nxf3+ 13. Qxf3 Be6
14. Qb3 Qd6 15. Rfe1 Rab8 16. Rad1 c6 17. Qg3 Rfe8 18. Rd4 f6 19. Nf3 Qxg3 20.
hxg3 Kf7 21. Nd2 Rbd8 22. Ne4 b6 23. f3 h6 24. Kf2 f5 25. Nc3 Nc7 26. Red1 Rxd4
27. Rxd4 Bxc4 28. Rxc4 Re6 29. g4 g6 30. gxf5 gxf5 31. Rd4 Ne8 32. Rd7+ Re7 33.
Rd8 Nf6 34. Rd6 c5 35. Nb5 a6 36. Nc3 Re6 37. Rxe6 Kxe6 38. Ke3 Nd5+ 39. Nxd5
Kxd5 40. g3 b5 41. Kd3 h5 42. Kc3 a5 43. b3 c4 44. bxc4+ bxc4 45. a4 Kc5 0-1

[Event "Württ Kandidatenturnier"]
[Site "Stuttgart"]
[Date "2015.09.04"]
[Round "7.17"]
[White "Baumeister, Jürgen"]
[Black "Schömbs, Oliver"]
[Result "0-1"]
[WhiteElo "1823"]
[BlackElo "1917"]
[PlyCount "58"]
[EventDate "2015.??.??"]
[EventCountry "GER"]
[WhiteTeam "SC Asperg"]
[BlackTeam "SC Ingersheim"]

1. f4 d5 2. Nf3 c5 3. e3 Nc6 4. b3 Nf6 5. Bb2 g6 6. Be2 Bg7 7. O-O O-O 8. Ne5
Qc7 9. Qc1 Rd8 10. Nxc6 Qxc6 11. d3 b5 12. a4 b4 13. Bf3 Bb7 14. Nd2 a5 15. Nc4
Ra7 16. Ne5 Qc8 17. Qe1 Ba6 18. g4 Ne8 19. Qg3 f6 20. f5 fxe5 21. Bxe5 e6 22.
Bxg7 Rxg7 23. Qe5 gxf5 24. Bg2 Rxg4 25. Kh1 Qd7 26. Rf4 Rg6 27. Raf1 Qg7 28.
Rxf5 exf5 29. Bxd5+ Kh8 0-1

[Event "Württ Kandidatenturnier"]
[Site "Stuttgart"]
[Date "2015.09.04"]
[Round "7.18"]
[White "Schreiber, Hans"]
[Black "Schreiber, Stephan"]
[Result "1-0"]
[WhiteElo "1892"]
[BlackElo "1792"]
[PlyCount "121"]
[EventDate "2015.??.??"]
[EventCountry "GER"]
[WhiteTeam "SV Dicker Turm Esslingen"]
[BlackTeam "SC Botnang"]

1. Nf3 c5 2. g3 d6 3. Bg2 Nf6 4. O-O e6 5. b3 Be7 6. Bb2 O-O 7. c4 Qc7 8. Qc2
Nc6 9. Nc3 a6 10. Rac1 Rb8 11. Rfd1 Rd8 12. e3 b5 13. cxb5 axb5 14. d4 b4 15.
Ne2 Bb7 16. e4 Ra8 17. d5 exd5 18. exd5 Nb8 19. Nf4 Rxa2 20. Ra1 Rxa1 21. Bxa1
Nbd7 22. Re1 Nb6 23. Ng5 g6 24. Qb2 Ra8 25. Ne4 Nbd7 26. Bh3 Ne5 27. Qe2 Nxd5
28. Nxd5 Bxd5 29. f4 Nc6 30. Nf6+ Bxf6 31. Bxf6 Rf8 32. Qd3 Nd4 33. Bg2 Bxg2
34. Kxg2 Qc6+ 35. Kh3 Qd7+ 36. Kg2 Qf5 37. Qxf5 Nxf5 38. g4 Ng7 39. Rd1 Ne8 40.
Be7 f6 41. Bxf8 Kxf8 42. Kf3 Ke7 43. Ke4 Nc7 44. Ra1 d5+ 45. Ke3 Kd6 46. h4 h5
47. Rg1 Ke6 48. f5+ Kf7 49. gxh5 gxh5 50. Rc1 c4 51. bxc4 dxc4 52. Rxc4 Nd5+
53. Kd4 Ne7 54. Ke4 b3 55. Rb4 b2 56. Rxb2 Kg7 57. Rb7 Kf7 58. Rb8 Ng8 59. Rxg8
Kxg8 60. Kd5 Kf7 61. Kd6 1-0

[Event "Württ Kandidatenturnier"]
[Site "Stuttgart"]
[Date "2015.09.04"]
[Round "7.19"]
[White "Offergeld, Detlef"]
[Black "Mayer, Dietmar"]
[Result "1/2-1/2"]
[WhiteElo "1721"]
[BlackElo "1747"]
[PlyCount "60"]
[EventDate "2015.??.??"]
[EventCountry "GER"]
[WhiteTeam "SF HN-Biberach"]
[BlackTeam "SC Böblingen"]

1. e4 c5 2. Nc3 a6 3. g3 b5 4. Bg2 Bb7 5. d3 e6 6. f4 d5 7. Nh3 d4 8. Ne2 Nf6
9. O-O Be7 10. Nf2 h5 11. h3 Nc6 12. Bd2 c4 13. a3 Rc8 14. Rc1 a5 15. e5 Nd5
16. Ne4 O-O 17. Bf3 h4 18. g4 Qb6 19. g5 c3 20. b3 cxd2 21. Qxd2 Bxa3 22. Nf6+
gxf6 23. gxf6 Bb4 24. Kh1 Bxd2 25. Rg1+ Kh7 26. Rg4 Nxf4 27. Nxf4 Bxf4 28. Be4+
Kh6 29. Rxf4 Ne7 30. Rxh4+ Kg5 1/2-1/2

[Event "Württ Kandidatenturnier"]
[Site "Stuttgart"]
[Date "2015.09.04"]
[Round "7.20"]
[White "Nam, Seung-Zin"]
[Black "Bauer, Dieter"]
[Result "0-1"]
[WhiteElo "1608"]
[BlackElo "1704"]
[PlyCount "84"]
[EventDate "2015.??.??"]
[EventCountry "GER"]
[WhiteTeam "SK Bebenhausen"]
[BlackTeam "SF Kornwestheim"]

1. f4 g6 2. Nf3 c6 3. e3 Bg7 4. c3 Nf6 5. Be2 d6 6. O-O O-O 7. Nd4 c5 8. Nf3 b6
9. a4 Bb7 10. f5 Nbd7 11. d4 d5 12. fxg6 hxg6 13. Qe1 Ne4 14. Nbd2 Ndf6 15. Ne5
Nxd2 16. Bxd2 Ne4 17. Rf3 Qc7 18. Rh3 Bc8 19. Bg4 Ng5 20. Bxc8 Raxc8 21. Rg3
Ne4 22. Rh3 Ng5 23. Rg3 Ne4 24. Rh3 Bxe5 25. Qh4 Rfd8 26. Qh7+ Kf8 27. Rf1 Bf6
28. Be1 cxd4 29. exd4 Qc4 30. Bh4 Qc6 31. Rhf3 Ke8 32. Bxf6 exf6 33. Re1 Ke7
34. Qh6 Qd6 35. Qc1 Rh8 36. h3 Kd7 37. Ref1 Rh5 38. Qc2 a6 39. Qd3 Rc4 40. b3
Rxc3 41. Qxa6 Rxf3 42. gxf3 Qg3+ 0-1